Catálogo
 En Linea

Historia de la filosofía Griega / : (Registro nro. 34935)

Detalles MARC
000 -CABECERA
campo de control de longitud fija 00830nam a2200229 a 4500
001 - NÚMERO DE CONTROL
campo de control 000035444
005 - FECHA Y HORA DE LA ÚLTIMA TRANSACCIÓN
campo de control 20200930074340.0
008 - DATOS DE LONGITUD FIJA--INFORMACIÓN GENERAL
campo de control de longitud fija 090819s1958 es 001 0 spa d
020 ## - NÚMERO INTERNACIONAL ESTÁNDAR DEL LIBRO
Número Internacional Estándar del Libro 8481641545
040 ## - FUENTE DE LA CATALOGACIÓN
Centro catalogador/agencia de origen DO-SdBNP
Lengua de catalogación spa
Centro/agencia transcriptor BNPHU
082 ## - NÚMERO DE LA CLASIFICACIÓN DECIMAL DEWEY
Número de clasificación xxxx
Número de documento/Ítem G216h
100 1# - ENTRADA PRINCIPAL--NOMBRE DE PERSONA
Nombre de persona Capelle, Wilhelm
9 (RLIN) 61280
240 10 - TÍTULO UNIFORME
Título uniforme Die griechische philosophie
245 10 - MENCIÓN DE TÍTULO
Título Historia de la filosofía Griega / :
Resto del título Wilhelm Capelle ; vesión castellana de Emilio Lledó /
Mención de responsabilidad, etc. Wilhelm Capelle.
260 ## - PUBLICACIÓN, DISTRIBUCIÓN, ETC.
Lugar de publicación, distribución, etc. Madrid :
Nombre del editor, distribuidor, etc. Talleres Gráficos Jura,
Fecha de publicación, distribución, etc. 1958.
300 ## - DESCRIPCIÓN FÍSICA
Extensión 405 p. ;
Dimensiones 23 cm.
490 1# - MENCIÓN DE SERIE
Mención de serie Bibliteca Hispanica de Filosofía
590 ## - NOTA LOCAL (RLIN)
Nota local Perteneció a la biblioteca personal de Juan Isidro Jimenes Grullón.
500 ## - NOTA GENERAL
Nota general Biográfía : p.569-576
700 1# - PUNTO DE ACCESO ADICIONAL--NOMBRE DE PERSONA
Nombre de persona Lledó, Emilio
Fechas asociadas al nombre tr.
9 (RLIN) 61281
830 #0 - PUNTO DE ACCESO ADICIONAL DE SERIE-TÍTULO UNIFORME
Título uniforme Bibliteca Hispanica de Filosofía
9 (RLIN) 61282
Existencias
Estado de retiro Estado de pérdida Restricciones de uso No para préstamo Código de colección Localización permanente Ubicación/localización actual Ubicación en estantería Fecha de adquisición Número de inventario Total de préstamos Signatura topográfica completa Código de barras Fecha visto por última vez Precio válido a partir de Tipo de ítem Koha Nota pública
      Excluido de préstamo Monografías: Libros y Folletos General General En catalogación 31.10.2011 LF1   xxxx G216h 35444-10 25.06.2020 25.06.2020 No se presta Perteneció a la biblioteca personal de Juan Isidro Jimenes -Grullón

Con tecnología Koha